| 000 | 00628nam a2200205Ia 4500 | ||
|---|---|---|---|
| 003 | OSt | ||
| 005 | 20240905141101.0 | ||
| 008 | 220927b |||||||| |||| 00| 0 eng d | ||
| 020 | _a9780415774895 | ||
| 040 |
_aSDCL _cSDCL _beng |
||
| 041 |
_2eng _aeng |
||
| 082 | _aRv'M Q4 | ||
| 100 |
_aGarrett, Aaron Ed. _9477193 |
||
| 245 | 0 | _aRoutledge companion to eightheenth century philosophy. | |
| 260 |
_aLondon: _bRoutledge, _c2014. |
||
| 300 |
_axxiii;850p. _ccm. |
||
| 650 | _aPhilosophy | ||
| 942 |
_hRv'M Q4 _cTEXL _2CC |
||
| 999 |
_c789665 _d789665 |
||